Austria in the Eurovision Song Contest - Statistics

General Stats
  • This quiz has been taken 17 times
    4 since last reset
  • The average score is 22 of 58
Answer Stats
Answer % Correct
Rise Like A Phoenix
100%
Wasted Love
100%
We Will Rave
100%
Who The Hell Is Edgar?
100%
Amen
75%
Halo
75%
I Am Yours
75%
Limits
75%
Loin d'ici
75%
Nobody But You
75%
Running On Air
75%
Tanzschein
75%
Shine
50%
The Secret Is Love
50%
Woki mit deim Popo
50%
All To You
25%
Boom Boom Boomerang
25%
Der K. und K. Kalypso aus Wien
25%
Die ganze Welt braucht Liebe
25%
Die Welt dreht sich verkehrt
25%
Die Zeit ist einsam
25%
Du bist
25%
Du bist Musik
25%
Du hast mich so fasziniert
25%
Einfach weg
25%
Falter im Wind
25%
Für den Frieden der Welt
25%
Get A Life - Get Alive
25%
Heute in Jerusalem
25%
Hurricane
25%
Keine Mauern mehr
25%
Kinder dieser Welt
25%
Lisa Mona Lisa
25%
Maria Magdalena
25%
Merci, Chérie
25%
Mrs. Caroline Robinson
25%
Musik
25%
My Little World
25%
Nur ein Lied
25%
Nur in der Wiener Luft
25%
Nur noch Gefühl
25%
One Step
25%
Reflection
25%
Sag ihr, ich lass sie grüßen
25%
Say A Word
25%
Sehnsucht
25%
Sonntag
25%
Tausend Fenster
25%
Venedig im Regen
25%
Vielleicht geschieht ein Wunder
25%
Warum es hunderttausend Sterne gibt
25%
Warum nur, warum?
25%
Weil der Mensch zählt
25%
Weil's dr guat got
25%
Wenn du da bist
25%
Wohin, kleines Pony?
25%
Y así
25%
Zusammen geh'n
25%
No matching quizzes found
Score Distribution
Percent of People with Each Score
Percentile by Number Answered
Your Score History
You have not taken this quiz since the last reset